| 000 | 01000nam a2200241 a 4500 | ||
|---|---|---|---|
| 001 | 49151 | ||
| 003 | BD-RjUL | ||
| 005 | 20211209054636.0 | ||
| 008 | 160818s19891983bg ||||| |||| 00| 0 ben d | ||
| 020 | _c: Tk.40.00 | ||
| 035 | _a(BD-RjUL)49270 | ||
| 040 |
_aBD-RjUL _bben _cBD-RjUL _dBD-RjUL |
||
| 041 | _aben | ||
| 082 |
_223 _a891.4408 _bMIP 1975-89 |
||
| 100 |
_aমিত্র, প্রেমেন্দ্র _9126308 |
||
| 245 | 1 | 0 |
_aপ্রেমেন্দ্র রচনাবলী / _cপ্রেমেন্দ্র মিত্র |
| 260 |
_aকলকাতা : _bগ্রনহালয় প্রাইভেট লিমিটেড, _c১৯৭৫-১৯৮৩ [পুনমুদ্রন১৯৮৯] |
||
| 300 |
_a১৫০ পৃ. ; _c২২ সেমি. |
||
| 505 | 0 | _aখণ্ড ১ -- খন্ড ২-- | |
| 650 |
_aবাংলা সাহিত্য _xসংগ্রহ _9122902 |
||
| 650 |
_aBengali Literature _xCollection _9122903 |
||
| 942 |
_2ddc _cBK |
||
| 999 |
_c49151 _d49151 |
||